Evropské a mezinárodní právo

Salvato in:
Dettagli Bibliografici
Natura: Periodico
Lingua:ceco
Pubblicazione: Praha Nadace EMP 1994
Soggetti:
Tags: Aggiungi Tag
Nessun Tag, puoi essere il primo ad aggiungerne!!

MARC

LEADER 00000nas2a2200000 4500
001 s017875
005 20070125130915.7
022 |a 1210-3977 
041 0 |a cze 
044 |a CZ 
245 1 0 |a Evropské a mezinárodní právo 
264 1 |a Praha  |b Nadace EMP  |c 1994 
300 |a 1 zv. 
773 0 |w eu_un_cat*s120673 
610 2 0 |a právo medzinárodné 
610 2 0 |a Európa